000 00206nam a2200097Ia 4500
008 190216s9999||||xx |||||||||||||| ||und||
100 _aA P Jayarajan
245 0 _aResathanthram
260 _bNull
942 _cBK
999 _c1993
_d1993